Análisis, diseño e implementación de un sistema de control administrativo de apoyo a la toma de decisiones para la micro empresa del ramo textil del Estado de Jalisco /

Uloženo v:
Podrobná bibliografie
Hlavní autor: Calderón Buenrostro, Erick René (autor)
Médium: Diplomová práce Kniha
Jazyk:španělština
Témata:
Tagy: Přidat tag
Žádné tagy, Buďte první, kdo vytvoří štítek k tomuto záznamu!

MARC

LEADER 00000nam^a2200000^a^4500
001 000110154
005 20250521000000.0
009 20260310093747.116
037 |a Acervo ITESO - Biblioteca 
041 |a ESP 
090 |a ISC. 261 
100 |a Calderón Buenrostro, Erick René  |e (autor) 
245 1 0 |a Análisis, diseño e implementación de un sistema de control administrativo de apoyo a la toma de decisiones para la micro empresa del ramo textil del Estado de Jalisco /  |c E.R. Calderón Buenrostro. 
264 |a Guadalajara, México :  |b edición de autor,  |c 2000 
300 |a 96 p. 
336 |a texto  |b txt  |2 rdacontenido 
337 |a sin mediación  |b n  |2 rdamedio 
338 |a volumen  |b nc  |2 rdasoporte 
502 |a ITESO Reporte de Servicio Social de Licenciatura en Ingeniería en Sistemas Computacionales 
649 |a XX 
650 |a Sistemas de Información 
650 |a Sistemas Computacionales 
650 |a Desarrollo de Sistemas 
650 |a Programación (Software) 
650 |a Ingeniería Computacional 
650 |a Toma de Decisiones 
650 |a Automatización 
650 |a Proceso Administrativo -  |x Dirección 
650 |a Administración 
650 |a Ciencias Administrativas 
650 |a Industria Textil -  |z Jalisco 
910 |a Fondo General 
920 |a Impresos - Tesis del ITESO 
930 |a Colección General 
905 |a 104 
901 |a 0500046537  |b IT2  |c TSS  |u 20250521 
902 |a https://opac.biblio.iteso.mx/vufind/Record/000110154